Power, politics, and people: the collected essays of C. Wright Mills
Na minha lista:
| Autor principal: | |
|---|---|
| Formato: | Livro |
| Idioma: | inglês |
| Publicado em: |
Nueva York
Oxford University Press
1963
|
| Assuntos: | |
| Tags: |
Adicionar Tag
Sem tags, seja o primeiro a adicionar uma tag!
|
MARC
| LEADER | 00000nam a2200000 a 4500 | ||
|---|---|---|---|
| 001 | UCV1813 | ||
| 003 | CL-VaPUC | ||
| 008 | 910325e19630000US |||||||||||||||||eng|d | ||
| 082 | 0 | 4 | |a 301 |b MIL |2 21 |
| 100 | |a Mills, Charles Wright |e autor |9 587265 | ||
| 245 | 1 | 0 | |a Power, politics, and people: the collected essays of C. Wright Mills |
| 300 | |a 657 p | ||
| 942 | |c BK | ||
| 945 | |d 19910325 00:00:00 | ||
| 260 | |a Nueva York |b Oxford University Press |c 1963 | ||
| 650 | 7 | |a ESTRUCTURA SOCIAL |2 CL-VaPUC |9 296019 | |
| 650 | 0 | |a Poder (Ciencias sociales) |9 255502 | |
| 650 | 0 | |a Política |9 255312 | |
| 583 | |a last modification |c 19910325 00:00:00 |k Rodrigo Vera | ||
| 999 | |c 209613 |d 209611 | ||
| 952 | |0 0 |1 0 |4 0 |6 301_000000000000000_MIL_1963 |7 0 |8 P |9 185127 |a BIBDER |b BIBDER |d 2019-11-14 |i 2525674 |o 301 MIL 1963 |p 2525674 |r 2023-01-25 |w 2019-11-14 |y BK |k DER | ||